01625 2200421 4500001002100000005001500021035002000036007000300056008004100059020002200100082001700122084001900139100003500158245033300193250003500526300004700561650002500608700002700633700003300660700003400693700003100727700003900758700003100797700002600828700002900854700003600883700002700919504003300946264005000979336002101029337003001050338002301080040002201103090002201125850001201147999002201159990002201181INLIS00000000088693720240529113239 a0010-0524000768ta240529s2024 yoia g 000 | ind d a978-623-359-403-504223a610.7343 a610.7343 LAK p0 aLaksono TrisnantoroePengarang10aPengayaan ilmu kedokteran untuk mengantasi masalah klinis dan kesehatan masyarakat :bpengalaman Universitas Gadjah Mada (1993-2023) /cLaksono Trisnantoro, Adi Utarini, Andreasta Meliala, Yodi Mahendradhata, Lutfan Lazuardi, Ida Safitri Laksanawati, Hendro Wartatmo, Hasta Yoga, Hanevi Djasri, Ni Luh Putu Andayani, Dwi Handono aCetakan Pertama, Februari 2024 axxvi, 195 halaman :btabel, bagan ;c23 cm 4aKesehatan masyarakat0 aAdi UtariniePengarang0 aAndreasta MelialaePengarang0 aYodi MahendradhataePengarang0 aLutfan LazuardiePengarang0 aIda Safitri LaksanawatiePengarang0 aHendro WartatmoePengarang0 aHasta YogaePengarang0 aHanevi DjasriePengarang0 aNi Luh Putu AndayaniePengarang0 aDwi HandonoePengarang aBibliografi: halaman 187-19331aSleman :bGadjah Mada University Press,c2024 2rdacontentateks 2rdamediaatanpa perantara 2rdacarrieravolume aYOPDYOGbinderda aCB-D.11 2024-0733 aYOPDYOG aCB-D.11/2024-0733 aCB-D.11/2024-0733